Trouvez les pilotes les plus titrés en Grand-Prix de F1 - Statistiques

Statistiques générales
  • Ce quiz a été pris 60 fois
  • Le résultat moyen est 9 sur 11
Statistiques - réponses
Nombre de victoires Nationalité Nom du pilote % Correct
105 Britannique Lewis Hamilton
100%
41 Brésilien Ayrton Senna
98%
65 Néerlandais Max Verstappen
98%
91 Allemand Michael Schumacher
98%
51 Français Alain Prost
96%
32 Espagnol Fernando Alonso
96%
53 Allemand Sebastian Vettel
96%
25 Autrichien Niki Lauda
80%
31 Britannique Nigel Mansell
54%
27 Britannique Jackie Stewart
44%
25 Britannique Jim Clarck
35%
Aucun quiz correspondant
Distribution des résultats
% des personnes avec chaque résultat
Percentile par nombre de réponses
Votre historique - résultats
Vous n’avez pas pris ce quiz